000
00356nam a22001577a 4500
003
MPLRDC
005
20220104123955.0
008
210129b ||||| |||| 00| 0 eng d
082
_a
802.6 YZ*
100
_a
杨佐著
245
_a
什么是语法
_c
260
_a
_b
世界书局有限公司
_c
300
_b
平
650
_a
942
_c
BK
_o
802.6 YZ*
999
_c
15653
_d
15643